| 000 -LEADER |
| fixed length control field |
01450nam a22002057a 4500 |
| 003 - CONTROL NUMBER IDENTIFIER |
| control field |
OSt |
| 005 - DATE AND TIME OF LATEST TRANSACTION |
| control field |
20250310110325.0 |
| 008 - FIXED-LENGTH DATA ELEMENTS--GENERAL INFORMATION |
| fixed length control field |
250310b ||||| |||| 00| 0 eng d |
| 020 ## - INTERNATIONAL STANDARD BOOK NUMBER |
| International Standard Book Number |
9781401685263 |
| 040 ## - CATALOGING SOURCE |
| Transcribing agency |
KH8 |
| 082 ## - DEWEY DECIMAL CLASSIFICATION NUMBER |
| Classification number |
FIC WIL |
| 100 ## - MAIN ENTRY--PERSONAL NAME |
| Personal name |
Wilson, Eric, |
| Relator term |
author. |
| 245 ## - TITLE STATEMENT |
| Title |
Facing the giants / |
| Statement of responsibility, etc. |
screenplay by Alex and Stephen Kendrick ; novelization by Eric Wilson. |
| 260 ## - PUBLICATION, DISTRIBUTION, ETC. |
| Place of publication, distribution, etc. |
Nashville ; |
| Name of publisher, distributor, etc. |
Thomas Nelson, |
| Date of publication, distribution, etc. |
2007. |
| 300 ## - PHYSICAL DESCRIPTION |
| Extent |
309 pages : |
| Other physical details |
illustrations ; |
| Dimensions |
21 cm. |
| 520 ## - SUMMARY, ETC. |
| Summary, etc. |
It’s been six years without a winning season, and Coach Grant Taylor’s job is on the line. Unless the Shiloh Christian Eagles turn things around—and fast—he’s history. Unfortunately, their leading scorer has just left for a rival school and the team has lost its drive. The pressure is on, and the stakes are high.<br/><br/>On the home front, things aren’t much better for Grant. His house is falling apart. His old clunker of a car keeps dying, and the coach and his wife have been unsuccessful in their attempts to start a family.<br/><br/>But God is on the move—in many ways.<br/><br/>When Grant receives a message from an unexpected visitor, he searches for a stronger purpose for his football team. When faced with unbelievable odds, Grant and his Shiloh Eagles must rise above their fear and step up to their greatest test of strength and courage. |
| 650 ## - SUBJECT ADDED ENTRY--TOPICAL TERM |
| Topical term or geographic name entry element |
School sports |
| Form subdivision |
fiction |
| 650 ## - SUBJECT ADDED ENTRY--TOPICAL TERM |
| Topical term or geographic name entry element |
Football coaches |
| Form subdivision |
fiction |
| 942 ## - ADDED ENTRY ELEMENTS (KOHA) |
| Source of classification or shelving scheme |
|
| Koha item type |
Books - Fiction |